| 000 | 01343cpcaa2200313 4500 | ||
|---|---|---|---|
| 001 | mm 78012732 | ||
| 003 | DLC | ||
| 005 | 20260227111622.0 | ||
| 008 | 790410|||||||||||| eng | ||
| 010 |
_amm 78012732 _bms 62004613 |
||
| 040 |
_aDLC _cDLC _dDLC _edacs |
||
| 072 | 7 |
_aN _2lcmd |
|
| 100 | 1 | _aBinckley, John Milton. | |
| 245 | 0 | 0 |
_aJohn Milton Binckley papers, _f1816-1943. |
| 300 |
_a85 _fitems. |
||
| 300 |
_a1 _fcontainer. |
||
| 506 | 0 | _aOpen to research. | |
| 545 | 0 | _aJournalist and public official. | |
| 520 | 8 | _aLetters (1816-1877) written by Binckley and members of his family; drafts for and clippings of articles on national affairs, concerning the Civil War period and its aftermath in Virginia; letters of Samuel S. Brooke and of a sister of Joseph E. Johnston. | |
| 546 | _aCollection material in English. | ||
| 600 | 1 | 0 | _aBrooke, Samuel S. |
| 600 | 1 | 0 |
_aJohnston, Joseph E. _q(Joseph Eggleston), _d1807-1891. |
| 651 | 0 |
_aUnited States _xHistory _yCivil War, 1861-1865. |
|
| 651 | 0 |
_aVirginia _xHistory _yCivil War, 1861-1865. |
|
| 650 | 0 |
_aReconstruction (U.S. history, 1865-1877) _zVirginia. |
|
| 656 | 7 |
_aJournalists. _2itoamc |
|
| 999 |
_c39748 _d39748 |
||